| 000 | 00431nam a22001697a 4500 | ||
|---|---|---|---|
| 003 | NUST - PNEC | ||
| 005 | 20170116180853.0 | ||
| 008 | 150827b xxu||||| |||| 00| 0 eng d | ||
| 020 | _a9788122426687 | ||
| 040 | _cLIBRARY | ||
| 082 | _a533.21 YAH | ||
| 100 |
_95863 _aYahya, S. M |
||
| 245 |
_aFundamentals of compressible flow _c S. M,Yahya |
||
| 260 | _cc 2012 | ||
| 650 |
_95864 _aCompressibility _xGernal |
||
| 942 |
_2ddc _cBK |
||
| 999 |
_c64725 _d64725 |
||